000 01175cam a22003134a 4500
005 20100921073300.0
008 100428s2010 ii ab b 001 0 eng d
010 _aENG-101565
020 _a9788125038922
_c895.00
035 _aEN-85098
037 _bDBAD/PUB
040 _adpl
_bEng
082 _a362.1
100 1 _922274
245 1 0 _aSocial determinants of health :
_bassessing theory, policy and practice /
_cedited by Sanjoy Bhattacharya, Sharon Messenger [and] Caroline Overy
260 _aNew Delhi
_bOrient BlackSwan
_c2010
270 _a1/24 Asaf Ali Road,
_bNew Delhi
_e110002
300 _axv,415p.
_c24cm (Hb)
500 _aIncludes bibliographical references and index.
520 _aStudy conducted at Hyderabad, India.
600 3 0 _922275
650 0 _922278
700 _aBhattacharya, Sanjoy
_922292
700 _aMessenger, Sharon
_922293
700 _aOvery, Caroline
_922294
942 _2ddc
_cEN
_mSOC
_h362.1
999 _c47958
_d47958